000 00719nam a2200217Ii 4500
003 JO-AjNU
008 230605s9999||||xx |||||||||||||| ||und||
017 _a2009/3/960
040 _aJO-AjNU
_bara
_erda
_cJO-AjNU
041 _aara
050 1 4 _aPJ7958.A92.Q28 2010
100 3 _aالقواسمة، هشام عطية,
_eauthor
_952715
245 0 0 _aقال شيئا .. ومضى
250 _aالطبعة العربية
264 3 1 _aعمان: دروب للنشر والتوزيع، 2010
300 _a96ص
336 _atext
_btxt
_2rdacontent
337 _aunmediated
_bn
_2rdamedia
338 _avolume
_bnc
_2rdacarrier
650 4 _aالادب العربي - الشعر الحديث - القرن 20
_952716
999 _aA23368
_c26936
_d26936